Countries That Starts With E - Statistics

General Stats
  • This quiz has been taken 37 times
  • The average score is 6 of 8
Answer Stats
Population Country % Correct
18,190,484 Ecuador
94%
123,706,255 Ethiopia
94%
1,322,765 Estonia
91%
6,579,494 El Salvador
76%
3,748,901 Eritrea
76%
112,716,598 Egypt
70%
1,210,822 Eswatini
64%
1,714,671 Equatorial Guinea
52%
No matching quizzes found
Score Distribution
Percent of People with Each Score
Percentile by Number Answered
Your Score History
You have not taken this quiz